[Event "Zakovat Gambit-A Final"]
[Site "Chess.com INT"]
[Date "2021.08.15"]
[Round "9"]
[White "Sattarov, Bobir"]
[Black "Kasimdzhanov, Rustam"]
[Result "1/2-1/2"]
[WhiteElo "2455"]
[BlackElo "2661"]
[PlyCount "96"]
[EventDate "2021.08.14"]
[EventType "tourn (blitz)"]
[EventRounds "9"]
[EventCountry "UZB"]
[EventCategory "12"]
[SourceTitle "CBM 203 Extra"]
[Source "ChessBase"]
[SourceDate "2021.09.30"]
[SourceVersion "1"]
[SourceVersionDate "2021.09.30"]
[SourceQuality "1"]

1. e4 e5 2. Bc4 Nf6 3. Qf3 Nc6 4. Ne2 Bc5 5. c3 d6 6. h3 Be6 7. d3 h6 8. Nd2 a5 9. a4 Qe7 10. Nf1 Bxc4 11. dxc4 Qe6 12. b3 Ne7 13. Neg3 g6 14. Ne3 c6 15. 0-0 h5 16. Rd1 Rd8 17. Ba3 Bxa3 18. Rxa3 0-0 19. Ra2 Nh7 20. Nef1 Rd7 21. Rad2 Rfd8 22. Qe3 c5 23. Qd3 b6 24. Ne3 Qf6 25. Qb1 Kg7 26. b4 axb4 27. cxb4 Qe6 28. a5 bxa5 29. b5 Nf6 30. Ne2 Nc8 31. Nc3 Nb6 32. Qa2 Ra7 33. f3 a4 34. Ncd5 Nfxd5 35. Nxd5 Nxd5 36. Rxd5 Qe7 37. R1d3 Qg5 38. Qa3 Qe7 39. Qc1 h4 40. Ra3 Qf6 41. Qd2 Qe7 42. Qd1 Qg5 43. Kh2 Qf4+ 44. Kh1 Qg5 45. Kg1 Raa8 46. Kf2 Qg3+ 47. Kf1 Qg5 48. Kg1 Ra7 1/2-1/2

[Event "Zakovat Gambit-A Final"]
[Site "Chess.com INT"]
[Date "2021.08.14"]
[Round "2"]
[White "Kasimdzhanov, Rustam"]
[Black "Abdusattorov, Nodirbek"]
[Result "0-1"]
[WhiteElo "2661"]
[BlackElo "2634"]
[PlyCount "70"]
[EventDate "2021.08.14"]
[EventType "tourn (blitz)"]
[EventRounds "9"]
[EventCountry "UZB"]
[EventCategory "12"]
[SourceTitle "CBM 203 Extra"]
[Source "ChessBase"]
[SourceDate "2021.09.30"]
[SourceVersion "1"]
[SourceVersionDate "2021.09.30"]
[SourceQuality "1"]

1. Nf3 c5 2. g3 Nc6 3. Bg2 g6 4. 0-0 Bg7 5. c4 d6 6. Nc3 Rb8 7. d3 a6 8. Rb1 Nf6 9. Qd2 0-0 10. b3 b5 11. Bb2 b4 12. Nd5 Nxd5 13. Bxg7 Kxg7 14. cxd5 Na7 15. d4 Nb5 16. dxc5 dxc5 17. Rbc1 Nc3 18. Rxc3 bxc3 19. Qxc3+ Kg8 20. Ne5 Bb7 21. Nc6 Bxc6 22. dxc6 Rb5 23. Bf3 Qd4 24. Qc2 c4 25. bxc4 Rc5 26. Rd1 Qxc4 27. Qd2 e5 28. Qd6 Qc2 29. Rd2 Qb1+ 30. Kg2 Rc1 31. Qxe5 Rg1+ 32. Kh3 Qf1+ 33. Kh4 Qxf2 34. c7 Qxh2+ 35. Kg4 f5+ 0-1